<?xml version="1.0" encoding="UTF-8"?>
<record
    xmlns:xsi="http://www.w3.org/2001/XMLSchema-instance"
    xsi:schemaLocation="http://www.loc.gov/MARC21/slim http://www.loc.gov/standards/marcxml/schema/MARC21slim.xsd"
    xmlns="http://www.loc.gov/MARC21/slim">

  <leader>01577nam a2200289 i 4500</leader>
  <controlfield tag="001">180879</controlfield>
  <controlfield tag="003">ES-MaACL</controlfield>
  <controlfield tag="005">20250630161613.0</controlfield>
  <controlfield tag="008">120802s2001    sp ac        |||| |bspa d</controlfield>
  <datafield tag="020" ind1=" " ind2=" ">
    <subfield code="a">84-451-2141-3</subfield>
  </datafield>
  <datafield tag="080" ind1=" " ind2=" ">
    <subfield code="a">929Wilde, Oscar</subfield>
  </datafield>
  <datafield tag="080" ind1=" " ind2=" ">
    <subfield code="a">821.111(417) Wilde, Oscar 1.07</subfield>
  </datafield>
  <datafield tag="245" ind1="0" ind2="0">
    <subfield code="a">Ciclo de conferencias en torno a Oscar Wilde / </subfield>
    <subfield code="c">coordinadores, Mauro Armi&#xF1;o y Andr&#xE9;s Pel&#xE1;ez.</subfield>
  </datafield>
  <datafield tag="260" ind1=" " ind2=" ">
    <subfield code="a">Madrid : </subfield>
    <subfield code="b">Consejer&#xED;a de Educaci&#xF3;n, </subfield>
    <subfield code="c">2001.</subfield>
  </datafield>
  <datafield tag="300" ind1=" " ind2=" ">
    <subfield code="a">129 p. : </subfield>
    <subfield code="b">il. ; </subfield>
    <subfield code="c">24 cm.</subfield>
  </datafield>
  <datafield tag="504" ind1=" " ind2=" ">
    <subfield code="a">Referencias bibliogr&#xE1;ficas.</subfield>
  </datafield>
  <datafield tag="505" ind1="8" ind2=" ">
    <subfield code="a">Contiene: ; </subfield>
    <subfield code="t">En torno a Salom&#xE9; / </subfield>
    <subfield code="r">Nuria Espert, Mario Gas y Terenci Moix. -- </subfield>
    <subfield code="t">Wilde total / </subfield>
    <subfield code="r">Luis Antonio de Villena. -- </subfield>
    <subfield code="t">Salom&#xE9;, el concepto de la mujer fatal en la pintura espa&#xF1;ola de fin de siglo / </subfield>
    <subfield code="r">Benito Navarrete Prieto. -- </subfield>
    <subfield code="t">Oscar Wilde en Espa&#xF1;a, en el cambio de siglo / </subfield>
    <subfield code="r">Jes&#xFA;s Rubio Jim&#xE9;nez. -- </subfield>
    <subfield code="t">El teatro de Oscar Wilde en Espa&#xF1;a: 1940-1990 / </subfield>
    <subfield code="r">Andr&#xE9;s Pel&#xE1;ez. -- </subfield>
    <subfield code="t">Un final para Oscar Wilde: proceso, c&#xE1;rcel y balada / </subfield>
    <subfield code="r">Mauro Armi&#xF1;o</subfield>
  </datafield>
  <datafield tag="530" ind1=" " ind2=" ">
    <subfield code="a">Disponible: versi&#xF3;n digital en la Biblioteca Virtual de la Consejer&#xED;a de Educaci&#xF3;n.</subfield>
  </datafield>
  <datafield tag="600" ind1="1" ind2="4">
    <subfield code="a">Wilde, Oscar, </subfield>
    <subfield code="d">1854-1900</subfield>
    <subfield code="9">241147</subfield>
  </datafield>
  <datafield tag="600" ind1="0" ind2="4">
    <subfield code="a">Salom&#xE9; (Personaje b&#xED;blico)-</subfield>
    <subfield code="x">En la literatura.</subfield>
    <subfield code="9">151230</subfield>
  </datafield>
  <datafield tag="700" ind1="0" ind2=" ">
    <subfield code="a">Armi&#xF1;o, Mauro, </subfield>
    <subfield code="d">1944-</subfield>
    <subfield code="9">22987</subfield>
  </datafield>
  <datafield tag="700" ind1="1" ind2=" ">
    <subfield code="a">Pel&#xE1;ez, Andr&#xE9;s, </subfield>
    <subfield code="d">1968-</subfield>
    <subfield code="9">173171</subfield>
  </datafield>
  <datafield tag="710" ind1="1" ind2=" ">
    <subfield code="a">Madrid (Comunidad Aut&#xF3;noma). </subfield>
    <subfield code="b">Consejer&#xED;a de Educaci&#xF3;n.</subfield>
    <subfield code="9">5600</subfield>
  </datafield>
  <datafield tag="852" ind1=" " ind2=" ">
    <subfield code="a">ES-MaACL</subfield>
    <subfield code="j">A-12160</subfield>
    <subfield code="9">187756</subfield>
    <subfield code="b">R.148558</subfield>
    <subfield code="c">DEPO1</subfield>
    <subfield code="d">Olim: N-5165</subfield>
  </datafield>
  <datafield tag="942" ind1=" " ind2=" ">
    <subfield code="2">udc</subfield>
    <subfield code="c">MONOGRAFIA</subfield>
  </datafield>
  <datafield tag="999" ind1=" " ind2=" ">
    <subfield code="c">180879</subfield>
    <subfield code="d">180879</subfield>
  </datafield>
  <datafield tag="952" ind1=" " ind2=" ">
    <subfield code="0">0</subfield>
    <subfield code="1">0</subfield>
    <subfield code="2">udc</subfield>
    <subfield code="4">0</subfield>
    <subfield code="7">0</subfield>
    <subfield code="a">ATENEOM</subfield>
    <subfield code="b">ATENEOM</subfield>
    <subfield code="c">DEPO1</subfield>
    <subfield code="d">2012-08-02</subfield>
    <subfield code="e">COMPRA</subfield>
    <subfield code="l">0</subfield>
    <subfield code="o">A-12160</subfield>
    <subfield code="p">1190071</subfield>
    <subfield code="r">2023-02-23 00:00:00</subfield>
    <subfield code="w">2023-02-23</subfield>
    <subfield code="y">MONOGRAFIA</subfield>
  </datafield>
</record>
